[Event "Tromsoesjakken op"]
[Site "Tromsoe"]
[Date "2007.11.16"]
[Round "2"]
[White "Rostad, Mia Kristin"]
[Black "Norbakken, Eirik"]
[Result "0-1"]
[WhiteElo "915"]
[BlackElo "998"]
[PlyCount "92"]
[EventDate "2007.11.16"]
[EventType "swiss"]
[EventRounds "5"]
[EventCountry "NOR"]
[SourceTitle "EXT 2010"]
[Source "ChessBase"]
[SourceDate "2010.11.25"]
[SourceVersion "1"]
[SourceVersionDate "2010.11.25"]
[SourceQuality "1"]

1. d4 d5 2. c4 Nc6 3. Nf3 Nf6 4. Nc3 Bg4 5. Bf4 Bxf3 6. exf3 dxc4 7. Bxc4 Qxd4 8. Qxd4 Nxd4 9. 0-0-0 Nf5 10. Rd2 Nd6 11. Bb3 a6 12. Be5 e6 13. a3 Be7 14. g3 0-0 15. Re1 Rfd8 16. Ne4 Ndxe4 17. Rxd8+ Rxd8 18. fxe4 Ng4 19. Bc3 Nxf2 20. Bc2 Nd3+ 21. Bxd3 Rxd3 22. Kc2 Rd7 23. h4 Bc5 24. Re2 Bd4 25. Bxd4 Rxd4 26. Kc3 e5 27. g4 b5 28. b4 g6 29. Kc2 Kg7 30. Kc3 Kf6 31. Rd2 Rxd2 32. Kxd2 Ke6 33. Kd3 f5 34. exf5+ gxf5 35. g5 Kf7 36. h5 Ke6 37. Ke3 f4+ 38. Ke4 f3 39. Kxf3 Kf5 40. g6 hxg6 41. hxg6 Kxg6 42. Ke4 Kf6 43. Ke3 Kf5 44. Kf3 e4+ 45. Ke3 Ke5 46. Ke2 Kd4 0-1

[Event "Tromsoesjakken-B"]
[Site "Tromsoe"]
[Date "2006.11.17"]
[Round "1"]
[White "Edakina, Maria"]
[Black "Rostad, Mia Kristin"]
[Result "1-0"]
[WhiteElo "1310"]
[BlackElo "873"]
[PlyCount "67"]
[EventDate "2006.11.17"]
[EventType "swiss"]
[EventRounds "5"]
[EventCountry "NOR"]
[SourceTitle "EXT 2008"]
[Source "ChessBase"]
[SourceDate "2007.11.25"]
[SourceVersion "1"]
[SourceVersionDate "2007.11.25"]
[SourceQuality "1"]

1. d4 Nf6 2. c4 d5 3. Nf3 c6 4. Nc3 g6 5. Bf4 Bg7 6. e3 0-0 7. h3 Bf5 8. Be2 Nbd7 9. c5 b6 10. cxb6 axb6 11. Ne5 Nxe5 12. Bxe5 c5 13. 0-0 Bc8 14. Qb3 e6 15. Nb5 Ba6 16. Rfe1 Bxb5 17. Qxb5 Nd7 18. Bxg7 Kxg7 19. b3 Qc7 20. Rec1 Rfc8 21. Qd3 Qd6 22. Qc3 Ra7 23. dxc5+ Qe5 24. Qxe5+ Nxe5 25. cxb6 Rxc1+ 26. Rxc1 Rb7 27. e4 Nd7 28. Rc7 Rxb6 29. Rxd7 Kf8 30. Rc7 Ke8 31. Bd1 Ra6 32. a4 h5 33. b4 f5 34. b5 1-0